header

Sleep is a country (Record no. 86839)

MARC details
000 -LEADER
fixed length control field 01205nam a2200325 a 4500
100 1# - MAIN ENTRY--AUTHOR NAME
Personal name Le Dressay, Anne.
245 10 - TITLE STATEMENT
Title Sleep is a country
260 ## - PUBLICATION, DISTRIBUTION, ETC. (IMPRINT)
Place of publication [Ottawa] :
Name of publisher Carleton University Press,
Year of publication c1997.
300 ## - PHYSICAL DESCRIPTION
Number of Pages 64 p.
490 1# - SERIES STATEMENT
Series statement Harbinger poetry series ;
650 #0 - SUBJECT ADDED ENTRY--TOPICAL TERM
Topical Term Sleep
Topical Term Identity (Psychology)
Topical Term Interpersonal relations
856 40 - ELECTRONIC LOCATION AND ACCESS
Uniform Resource Identifier http://site.ebrary.com/lib/rucke/Doc?id=10577792

No items available.

© 2026 Rongo University
Contact us: librarian | system librarian | Rongo university